Buenos Aires: danza y cuerpos pintados. Proyecto del Centro Cultural Borges
Uloženo v:
| Korporativní autor: | |
|---|---|
| Médium: | Kniha |
| Jazyk: | španělština |
| Vydáno: |
Santiago
Taller Experimental Cuerpos Pintados
2003
|
| Vydání: | 1a. ed |
| Edice: | Cuerpos Pintados. Proyectos Especiales, E1
|
| Témata: | |
| Tagy: |
Přidat tag
Žádné tagy, Buďte první, kdo vytvoří štítek k tomuto záznamu!
|
MARC
| LEADER | 00000cam a2200000 a 4500 | ||
|---|---|---|---|
| 001 | UCF2340 | ||
| 003 | CL-VaPUC | ||
| 008 | 120817e20030000CL |||||||||||||||||spa|d | ||
| 020 | |a 9562950506 | ||
| 082 | 0 | 4 | |a 757.22 |b TAL |2 21 |
| 110 | 2 | |a Taller Experimental Cuerpos Pintados |e author |9 563944 | |
| 245 | 1 | 0 | |a Buenos Aires: danza y cuerpos pintados. Proyecto del Centro Cultural Borges |
| 250 | |a 1a. ed | ||
| 300 | |a pág. irreg | ||
| 942 | |c BK | ||
| 945 | |d 20120817 00:00:00 |a dcastane | ||
| 260 | |a Santiago |b Taller Experimental Cuerpos Pintados |c 2003 | ||
| 500 | |a Fotografías de Roberto Edwards | ||
| 650 | 0 | |a Pintura |9 265046 | |
| 650 | 7 | |a DESNUDO EN EL ARTE |2 CL-VaPUC |9 444355 | |
| 650 | 0 | |a Pintura chilena siglo 20 |9 314453 | |
| 583 | |a last modification |c 20120820 01:54:51 |k Rodrigo Vera | ||
| 490 | 0 | |a Cuerpos Pintados. Proyectos Especiales, E1 | |
| 999 | |c 348908 |d 348906 | ||
| 952 | |0 0 |1 0 |4 0 |6 757_220000000000000_TAL_2003 |7 0 |8 A |9 451188 |a BIBING |b BIBING |d 2019-11-22 |i 4893301 |o 757.22 TAL 2003 |p 4893301 |r 2025-01-20 |w 2019-11-22 |y BK |k CUI | ||